|
|
|
|
| LEADER |
00000naa2a2200000 4500 |
| 001 |
222294 |
| 005 |
20240116092219.0 |
| 035 |
|
|
|a (RuTPU)RU\TPU\book\242479
|
| 090 |
|
|
|a 222294
|
| 100 |
|
|
|a 20120920d2004 k y0rusy50 ca
|
| 101 |
0 |
|
|a rus
|
| 102 |
|
|
|a RU
|
| 200 |
1 |
|
|a Нелинейные диэлектрические свойства поликристаллической LI-TI ферритовой керамики
|f А. В. Малышев
|
| 320 |
|
|
|a Библиогр.: 5 назв.
|
| 463 |
|
0 |
|0 (RuTPU)RU\TPU\book\73183
|t Радиационно-термические эффекты и процессы в неорганических материалах
|o труды IV Международной научной конференции, Томск, 12-19 августа 2004 г.
|f Российский фонд фундаментальных исследований; Томский политехнический университет и др.
|v С. 392-396
|d 2004
|p 519 с.
|
| 610 |
1 |
|
|a ферритовая керамика
|
| 610 |
1 |
|
|a диэлектрические свойства
|
| 610 |
1 |
|
|a диэлектрики
|
| 610 |
1 |
|
|a электрические импульсы
|
| 610 |
1 |
|
|a зависимости
|
| 610 |
1 |
|
|a амплитуда
|
| 610 |
1 |
|
|a импульсы Баркгаузена
|
| 610 |
1 |
|
|a труды учёных ТПУ
|
| 700 |
|
1 |
|a Малышев
|b А. В.
|c специалист в области электротехники
|c старший научный сотрудник Томского политехнического университета, кандидат физико-математических наук
|f 1978-
|g Андрей Владимирович
|3 (RuTPU)RU\TPU\pers\26544
|9 12233
|
| 801 |
|
1 |
|a RU
|b 63413507
|c 20120920
|
| 801 |
|
2 |
|a RU
|b 63413507
|c 20130613
|g RCR
|
| 942 |
|
|
|c BK
|